000 00977nas a2200253Ia 4500
001 R111/44668
003 IT-RoPAU
008 151124c99999999xx |||||||||||| ||und||
040 _aIT-RoPAU
040 _cIT-RoPAU
041 _aITALIANO
100 _aZanelli Pietro
_gCodice Aut. SPICS: 3394
210 _aCOMUNICAZIONE DI MASSA (SUGARCO)
222 _aComunicazione Di Massa (Sugarco)
245 _aCOMUNICAZIONE DI MASSA (SUGARCO), ANNO 03-VOL.3 (1982)
_bAspetti Giuslavoristici Della Riforma Della Stampa
250 _a1a ed.
260 _aMILANO
_bSUGARCO
_c1982
501 _bPaulus - SPICS - Società San Paolo EM (non-commercial uses only)
_cCopyright2015
300 _a13 p. [75-87]
362 _aANNO 003, VOL.3 (1982)
500 _aCenni-Di-Politica-Legislativa Normativa-Antitrust Linee-Di-Sostegno-Sindacale Sistema-Del-Collocamento-E-Della-Mobilità Strumenti-Di-Tutela-Dei-Singoli
650 _aCOMUNICAZIONE
_vPUBBLICAZIONE PERIODICA
942 _cCR
999 _c115031
_d115031